Największe miasta w woj. Śląskim - Statystyki

Ogólne statystyki
  • Ten quiz został rozwiązany 45 razy
  • Średni wynik to 16 z 20
Statystyki odpowiedzi
Nr Miasto % Poprawnych
4 Gliwice
100%
1 Katowice
100%
3 Sosnowiec
98%
2 Częstochowa
93%
6 Zabrze
93%
7 Bytom
88%
8 Rybnik
88%
10 Tychy
88%
5 Bielsko-Biała
85%
11 Dąbrowa Górnicza
85%
12 Chorzów
83%
9 Ruda Śląska
80%
15 Mysłowice
68%
18 Tarnowskie Góry
68%
13 Jaworzno
63%
20 Piekary Śląskie
63%
14 Jastrzębie-Zdrój
61%
19 Będzin
54%
16 Siemianowice Śląskie
54%
17 Żory
44%
Nie znaleziono quizów pasujących do podanych kryteriów
Rozkład punktacji
Procent ludzi z każdym wynikiem
Percentyl według liczby udzielonych odpowiedzi
Twoja historia wyników
Nie rozwiązałeś tego quizu